Logo BPK

Biblioteka

Politechniki Koszalińskiej

Encyklopedia powszechna [Dokument elektroniczny] : (Rekord nr 24076)

Szczegóły MARC
000 -ETYKIETA REKORDU
podpole kontrolne o stałej długości 01120nam a2200265 i 4500
001 - NUMER KONTROLNY REKORDU
pole kontrolne bg
040 ## - ŹRÓDŁO KATALOGOWANIA
Instytucja, która utworzyła rekord BPK
041 0# - KOD JĘZYKA
Kod języka tekstu pol
080 ## - UNIWERSALNA KLASYFIKACJA DZIESIĘTNA - UKD
UKD 0/9(03)
008 - POLE O STAŁEJ DŁUGOŚCI - DANE KONTROLNE
podpole kontrolne o stałej długości s pl f |000 0 pol
245 00 - TYTUŁ/ODPOWIEDZIALNOŚĆ
Tytuł Encyklopedia powszechna [Dokument elektroniczny] :
Ciąg dalszy tytułu multimedialna.
246 1# - WARIANT TYTUŁU
Tytuł Encyklopedia powszechna 2002
246 1# - WARIANT TYTUŁU
Tytuł Multimedialna encyklopedia powszechna 2002
255 ## - STREFA DANYCH MATEMATYCZNYCH
Oznaczenie skali Multimedia interakcyjne
260 ## - STREFA ADRESU WYDAWNICZEGO
Miejsce wydania Łódź :
Nazwa wydawcy/dystrybutora Cartall,
Data publikacji, dystrybucji/powstania dokumentu cop. 2001.
300 ## - STREFA OPISU FIZYCZNEGO
Objętość 2 dyski optyczne (CD-ROM) :
Inne cechy fizyczne dźw., kolor. ;
Rozmiary 12 cm.
500 ## - UWAGI OGÓLNE
Tekst uwagi Tyt. z gł. menu.
500 ## - UWAGI OGÓLNE
Tekst uwagi Tyt. na etykietach dysków: Encyklopedia powszechna 2002.
500 ## - UWAGI OGÓLNE
Tekst uwagi Tyt. na pojemniku: Multimedialna encyklopedia powszechna 2002.
500 ## - UWAGI OGÓLNE
Tekst uwagi Dysk instalacyjny. Dysk uruchomieniowy.
500 ## - UWAGI OGÓLNE
Tekst uwagi Wymagania systemowe: Pentium 100 MHz; 32 MB RAM; 400 MB HDD; Windows 98 lub nowsze; Microsoft Internet Explorer 4.0 lub nowszy; karta graficzna 64 tys. kolorów (800 x 600); karta dźwiękowa; czytnik CD-ROM ośmiokrotnej prędkości.
650 #9 - HASŁO PRZEDMIOTOWE W FORMIE NAZWY OGÓLNEJ LUB JEDNOSTKOWEJ
Nazwa ogólna lub geograficzna Encyklopedia polska
655 ## - TERMIN INDEKSOWY - OKREŚLENIE RODZAJU/FORMY DOKUMENTU
Określenie rodzaju/formy dokumentu Dokumenty elektroniczne
856 ## - LOKALIZACJA I DOSTĘP DO ELEKTRONICZNYCH DOKUMENTÓW ZDALNYCH
Link (URL) http://koha.tu.koszalin.pl/cgi-bin/koha/opac-detail.pl?biblionumber=24076
Tekst linku Katalog online BPK
942 ## - DODATKOWE ELEMENTY (KOHA)
Typ dokumentu Płyta CD
Egzemplarze
Wycofany Status egzemplarza Uszkodzony Dostępność Lokalizacja stała Lokalizacja bieżąca Miejsce przechowywania Sygnatura Kod kreskowy Dział Typ dokumentu
      Tylko na miejscu Biblioteka Politechniki Koszalińskiej Biblioteka Politechniki Koszalińskiej Czytelnia BG CD 1391 02205342 0/9(0.034.2) Dokumenty elektroniczne Płyta CD
© 2023 Biblioteka Politechniki Koszalińskiej :: KOHA